000 00307nam a2200133Ia 4500
005 20251222144730.0
008 251222s9999||||xx |||||||||||||| ||spa||
082 _a944.949/D41
100 _aDecaux, Alain
245 0 _aMonaco
250 _a1ra.ed.
264 _bLibrerie Académique Perrin
942 _cLIB
999 _c18570
_d18570